Insight guide : Dublin & Surroundings.
| Format: | Book |
|---|---|
| Published: |
Singapore:
APA Publications,
1999.
|
| Edition: | 2nd ed.. |
| Subjects: |
| LEADER | 00466cam a2200157 7i4500 | ||
|---|---|---|---|
| 001 | 0000008099 | ||
| 005 | 20220119090000.0 | ||
| 020 | 0 | 0 | |a 9624214344 |
| 090 | 0 | 0 | |a IRLD 910.9417 |b INS |
| 245 | 0 | 0 | |a Insight guide : |b Dublin & Surroundings. |
| 250 | 0 | 0 | |a 2nd ed.. |
| 260 | 0 | 0 | |a Singapore: |b APA Publications, |c 1999. |
| 300 | # | # | |a 269 p. |
| 650 | 0 | 0 | |a Ireland -- |x Voyages and travels -- |x Guidebooks |
| 651 | 0 | 0 | |a Ireland |
| 999 | |a B000010979 |b Book |c Countries |e Business Information Centre | ||


